| 000 | 00864nam a22001937a 4500 | ||
|---|---|---|---|
| 999 |
_c3877 _d3877 |
||
| 005 | 20241115133510.0 | ||
| 008 | 241115b ||||| |||| 00| 0 eng d | ||
| 020 | _a9781447262886 | ||
| 040 | _cKH8 | ||
| 082 | _aFIC BLU | ||
| 100 |
_aBlume, Judy _eAuthor |
||
| 245 |
_aDouble Fudge _cJudy Blume |
||
| 260 |
_aUK _b Pan Macmillan _c2014 |
||
| 300 | _a304P | ||
| 520 | _aUh oh, what's Fudge up to now?! Pete's little brother, Fudge, has a new obsession. He's mad about money and he wants loads of it. In fact, he's going to print a hundred million trillion 'Fudge Bucks' and buy the whole world. Or maybe he'll just settle for buying the capital city of America and call it Fudgington. He's driving Pete nuts. Will Fudge ever stop being the most embarrassing brother on the planet? | ||
| 650 | _aFiction | ||
| 650 | _aChildren's story | ||
| 942 |
_2ddc _cFIC |
||